| 000 | 00637nam a2200229 a 4500 | ||
|---|---|---|---|
| 001 | 66492 | ||
| 003 | BD-RjUL | ||
| 005 | 20211209081540.0 | ||
| 008 | 170316s1980 nyua 001 0 eng d | ||
| 020 | _a0471060372 : | ||
| 035 | _a(BD-RjUL)66622 | ||
| 040 |
_aDLC _cDLC _dBD-RjUL _beng |
||
| 041 | _aeng | ||
| 082 |
_223 _a621.4025 _bCOE 1980 |
||
| 100 | 1 |
_aCone, Carroll _9196792 |
|
| 245 | 1 | 0 |
_aEnergy management for industrial furnaces / _cCarroll Cone |
| 260 |
_aNew York : _bJohn Wiley & Sons, _cc1980. |
||
| 300 |
_axiii, 201 p. : _bill. ; _c23 cm. |
||
| 500 | _aIncludes index. | ||
| 650 |
_aEquipment _9196793 |
||
| 942 |
_2ddc _cBK |
||
| 999 |
_c66492 _d66492 |
||